Governance in White Hall (Record no. 52634)

000 -LEADER
fixed length control field 01508pab a2200145 454500
008 - FIXED-LENGTH DATA ELEMENTS--GENERAL INFORMATION
fixed length control field 180718b2002 xxu||||| |||| 00| 0 eng d
100 ## - MAIN ENTRY--PERSONAL NAME
Personal name Flinders, Matthew
245 ## - TITLE STATEMENT
Title Governance in White Hall
260 ## - PUBLICATION, DISTRIBUTION, ETC.
Date of publication, distribution, etc. 2002
300 ## - PHYSICAL DESCRIPTION
Extent p.51-75.
520 ## - SUMMARY, ETC.
Summary, etc. Governance theory raises conceptual and theoretical questions about the co-ordination of complex social systems and the evolving role of the state within that process. A central aspect of the governance debate focuses on the ability of national governments to address salient social issues. This article examines the British Labour governments' attempts to facilitate cross-departmental inter-organizational collaboration within Whitehall in an attempt to develop innovative responses to seemingly intractable social problems. The government's desire and strategy to increase its capacity to orchestrate `joined-up' government can be interpreted as both an acceptance and a response to the challenges of modern governance. The article locates the structural, procedural and cultural responses to this challenge within the theoretical and analytical framework of governance theory. It concludes by suggesting that meaningful change in the way public policy is designed and implemented may well demand a more deep seated reappraisal of the structure of Whitehall and the dominant values of the British political elite than is currently anticipated. - Reproduced.
650 ## - SUBJECT ADDED ENTRY--TOPICAL TERM
Topical term or geographic name entry element Public administration
773 ## - HOST ITEM ENTRY
Main entry heading Public Administration
909 ## -
-- 52634
Holdings
Withdrawn status Lost status Damaged status Not for loan Permanent Location Current Location Date acquired Serial Enumeration / chronology Barcode Date last seen Price effective from Koha item type
        Indian Institute of Public Administration Indian Institute of Public Administration 2018-07-19 Volume no: 80, Issue no: 1 AR53064 2018-07-19 2018-07-19 Articles

Powered by Koha